000 00509nam a22001697a 4500
005 20251108173001.0
008 250721s2004 xx 000 0 ara d
082 1 4 _a150/ علم
100 1 _aالريماوي، محمد عودة
_eمحرر
245 1 0 _aعلم النفس العام /
264 1 _aعمان :
_bدارالمسيرة للنشر و التوزيع،
_c2004.
300 _a658ص.
650 1 7 _aعلم النفس
650 1 7 _aالإدراك الحسي
942 _2ddc
_cBK
999 _c93340
_d93340